Definice některých ekologických termínů

Bibliographic Details
Main Author: Hadač, Emil, 1914-2003 (Author)
Format: Article
Language:Czech

MARC

LEADER 00000nab a2200000uu 4500
001 vtls010913051
003 SK-MaSNL
005 20260303150453.0
008 230222|1978 xo |||||||||||||||||cze|
015 |a SNBRB 
035 |a (urnnbn)urn:nbn:sk:snk:ar-a096gp 
035 |a (uuid)0ea4961d-9358-4f46-9ec8-43e45c4ede6c 
035 |a urn:nbn:sk:snk-ab91vy 
040 |a SNKBUCL  |b slo  |c SNKBUCL  |e AACR2 
041 0 |a cze 
044 |a xo  |c SK 
100 1 |a Hadač, Emil,  |d 1914-2003  |4 aut  |9 6701 
245 1 0 |a Definice některých ekologických termínů  |c E. Hadač 
773 0 |t Rádioaktivita a životné prostredie  |g Č. 6 (1978), s. 31-34 
958 |a OND 
958 |a EUIPO 
958 |a article10 
999 |c 2010983  |d 2012913